000 00385nam a2200145Ia 4500
005 20250729165739.0
008 250729s2014 xx 000 0 und d
041 _aeng
082 _a420.25 DENT
100 _aDr. S P Denisia
_9232013
245 _aTeaching of English Through Multimedia
260 _aNew Delhi
_bA P H PUBLISHING
_c2014
300 _a178p
650 _aEnglish
_9232014
999 _c239570
_d239570